| 000 | 01290nam a2200289 c 4500 | ||
|---|---|---|---|
| 003 | BLK | ||
| 005 | 20180421001520.0 | ||
| 008 | 180411b bul|||||r ||||||| ||bul|| | ||
| 010 | _aKNG00212128000 | ||
| 040 | _aBLK | ||
| 041 |
_aBUL _cBUL |
||
| 080 |
_aЛекарствени растения _b633.88 _x _z633.88 |
||
| 080 |
_aЛекарствени средства от растителен произход. Подразделя се със знак за отношение :582; :633/635; :665.3 _b615.322 _x _z615.322 |
||
| 100 | 1 |
_aМанолова, Надя Христова _eпърви автор _9349866 |
|
| 700 | 1 |
_aМаксимова, Вера А. _eсъавт. _9349867 |
|
| 139 |
_aМанолова, Надя Христова и др. _bМ 27 |
||
| 245 | 1 | 0 |
_aЛечебни растения - инхибитори на вируси _bИзследване _cНадя Христова Манолова; съавт. Вера А. Максимова. |
| 257 | _aBGR | ||
| 260 |
_аСофия _bБАН _c1988 |
||
| 300 |
_a148 с. _bс табл., сх., диагр. _c20 см |
||
| 380 | _a63 | ||
| 852 | _aЦб 156904 | ||
| 856 | 4 |
_qpdf _u |
|
| 856 | 4 |
_qpdf _u |
|
| 942 |
_cKNG _n0 |
||
| 944 |
_aCR _c12.09.2017 _kНаталия_Любомирова |
||
| 944 |
_aED _c12.09.2017 _kНаталия_Любомирова |
||
| 999 |
_c202654 _d202654 |
||